000 00564nam a2200181 4500
001 131713
003 ES-MaACL
005 20231228062700.0
007 t|
008 070214s1948 sp r ||||1| spa d
100 1 _aLarreta, Enrique.
_970347
245 1 3 _aLa naranja /
_cEnrique Larreta ; prólogo de Gregorio Marañón y Posadillo.
260 _aMadrid :
_bEspasa-Calpe,
_c1948.
300 _aXVI, 200 p., 1 lám. = retr. aut. ;
_c20 cm.
700 1 _aMarañón, Gregorio,
_d1887-1960
_976311
852 _aES-MaACL
_jC-5187
_bR.26120
999 _c131713
_d131713